Die wunderbaren Abenteuer des Herrn Tartarin aus Tasacon. (Record no. 5585)

MARC details
000 -CABECERA
campo de control de longitud fija 00722nam a2200241 a 4500
001 - NÚMERO DE CONTROL
campo de control BRCA_5896
005 - FECHA Y HORA DE LA ÚLTIMA TRANSACCIÓN
campo de control 20190320205245.0
008 - DATOS DE LONGITUD FIJA--INFORMACIÓN GENERAL
campo de control de longitud fija 170311s180?----gw-#######---#000-0#ger-#
041 ## - CÓDIGO DE LENGUA
Código de lengua del texto/banda sonora o título independiente ger
044 ## - CÓDIGO DEL PAÍS DE LA ENTIDAD EDITORA/PRODUCTORA
Código MARC del país gw
050 #4 - SIGNATURA TOPOGRÁFICA DE LA BIBLIOTECA DEL CONGRESO
Número de clasificación PQ2216
Número de documento/Ítem .T415
100 1# - ENTRADA PRINCIPAL--NOMBRE DE PERSONA
Nombre de persona Daudet, Alphonse.
9 (RLIN) 14910
245 10 - MENCIÓN DE TÍTULO
Título Die wunderbaren Abenteuer des Herrn Tartarin aus Tasacon.
Mención de responsabilidad, etc. Daudet, Alphonse.
Número de parte o sección de la obra Deutsch von Adolf Gerstmann
260 ## - PUBLICACIÓN, DISTRIBUCIÓN, ETC.
Lugar de publicación, distribución, etc. Leipzig
Nombre del editor, distribuidor, etc. P.Reclam
Fecha de publicación, distribución, etc. 180?
300 ## - DESCRIPCIÓN FÍSICA
Extensión 178 p.
Dimensiones 16 cm.
440 #0 - MENCIÓN DE SERIE/PUNTO DE ACCESO ADICIONAL--TÍTULO
Título Reclams universa, Bibliothek
Número de parte o sección de la obra 1707
9 (RLIN) 14911
500 ## - NOTA GENERAL
Nota general H137
650 14 - PUNTO DE ACCESO ADICIONAL DE MATERIA--TÉRMINO DE MATERIA
Término de materia o nombre geográfico como elemento de entrada Literatura Francesa.
9 (RLIN) 14912
700 1# - PUNTO DE ACCESO ADICIONAL--NOMBRE DE PERSONA
Nombre de persona Gerstmann, Adolf
Término indicativo de función/relación tr.
9 (RLIN) 14913
700 1# - PUNTO DE ACCESO ADICIONAL--NOMBRE DE PERSONA
Nombre de persona Tartarin de Tarascon
Término indicativo de función/relación Serie
9 (RLIN) 14914
902 ## - CATALOGADOR
Iniciales GFM
942 ## - ELEMENTOS DE PUNTO DE ACCESO ADICIONAL (KOHA)
Fuente del sistema de clasificación o colocación Library of Congress Classification
Tipo de ítem Koha Libros
Holdings
Estado de retiro Estado de pérdida Estado dañado No para préstamo Localización permanente Ubicación/localización actual Fecha de adquisición Número de inventario Total de préstamos Signatura topográfica completa Código de barras Fecha visto por última vez Precio válido a partir de Tipo de ítem Koha
El ejemplar forma parte de la colección y puede ser consultado según las políticas vigentes.       Biblioteca del Museo Franz Mayer (Rogerio Casas-Alatriste) Biblioteca del Museo Franz Mayer (Rogerio Casas-Alatriste) 17/03/2011 H137   PQ2216 .T415 (H137) 6335 22/03/2019 22/03/2019 Libros